MARC details
| 000 -CABECERA |
| campo de control de longitud fija |
01520nam a2200241 a 4500 |
| 001 - NÚMERO DE CONTROL |
| campo de control |
000006691 |
| 005 - FECHA Y HORA DE LA ÚLTIMA TRANSACCIÓN |
| campo de control |
20200929153957.0 |
| 008 - DATOS DE LONGITUD FIJA--INFORMACIÓN GENERAL |
| campo de control de longitud fija |
090902s1992 sp 000 0 spa d |
| 020 ## - NÚMERO INTERNACIONAL ESTÁNDAR DEL LIBRO |
| Número Internacional Estándar del Libro |
8400072286 |
| 040 ## - FUENTE DE LA CATALOGACIÓN |
| Centro catalogador/agencia de origen |
DO-SdBNP |
| Lengua de catalogación |
spa |
| Centro/agencia transcriptor |
BNPHU |
| 082 ## - NÚMERO DE LA CLASIFICACIÓN DECIMAL DEWEY |
| Número de clasificación |
xxxxx |
| 100 1# - ENTRADA PRINCIPAL--NOMBRE DE PERSONA |
| Nombre de persona |
Luciano |
| 9 (RLIN) |
18640 |
| 245 10 - MENCIÓN DE TÍTULO |
| Título |
Obras / |
| Mención de responsabilidad, etc. |
Luciano ; director Francisco Rodríguez Adrados. |
| 250 ## - MENCIÓN DE EDICIÓN |
| Mención de edición |
2a ed. |
| 260 ## - PUBLICACIÓN, DISTRIBUCIÓN, ETC. |
| Lugar de publicación, distribución, etc. |
Madrid : |
| Nombre del editor, distribuidor, etc. |
Consejo Superior de Investigaciones Científicas, |
| Fecha de publicación, distribución, etc. |
1992. |
| 300 ## - DESCRIPCIÓN FÍSICA |
| Extensión |
4 v. : |
| Otras características físicas |
il. ; |
| Dimensiones |
22 cm. |
| 490 1# - MENCIÓN DE SERIE |
| Mención de serie |
Alma Mater |
| 490 1# - MENCIÓN DE SERIE |
| Mención de serie |
Autores griegos y latinos |
| 505 0# - NOTA DE CONTENIDO CON FORMATO |
| Información miscelánea |
v.1: |
| Título |
El sueño; |
| -- |
Diálogo de los dioses; |
| -- |
Diálogos marino-- |
| Información miscelánea |
v.II: |
| Título |
Diálogos de los muertos; |
| -- |
El aficionado a las mentiras; |
| -- |
Sobre la muerte de peregrino -- |
| Información miscelánea |
v.III: |
| Título |
Fálaris 1-2; |
| -- |
Proemio: Dionisio; |
| -- |
Proemio: Héracles; |
| -- |
Acerca del ámbar o de los cisnes; |
| -- |
Encomino de las moscas; |
| -- |
Encomio de la patria; |
| -- |
Sobre por qeé no hay que dar crédito sin más a la calumnia ; |
| -- |
Dos veces acusado; |
| -- |
El tiranicida; |
| -- |
El hijos repudiado ; |
| -- |
Tóxaris o la amistad ; |
| -- |
Sobre las dipsadas ; |
| -- |
Sobre un error cometido ; |
| -- |
Al saludar; |
| -- |
Harmónides ; |
| -- |
El escita o el cónsul -- |
| Información miscelánea |
v. IV: |
| Título |
Timón o el misántropo; |
| -- |
Contra el ignorante; |
| -- |
Que compraba muchos libros ; |
| -- |
Acerca del parásito o que el parasitismo es un arte; |
| -- |
Sobre los que están a sueldo; |
| -- |
Apología de los que están a sueldo; |
| -- |
El cínico ; |
| -- |
Diálogos de Heteras. |
| 700 1# - PUNTO DE ACCESO ADICIONAL--NOMBRE DE PERSONA |
| Nombre de persona |
Rodríguez Adrados, Francisco |
| 9 (RLIN) |
18641 |
| 830 #0 - PUNTO DE ACCESO ADICIONAL DE SERIE-TÍTULO UNIFORME |
| Título uniforme |
Alma Mater |
| 9 (RLIN) |
807 |
| 830 #0 - PUNTO DE ACCESO ADICIONAL DE SERIE-TÍTULO UNIFORME |
| Título uniforme |
Autores griegos y latinos |
| 9 (RLIN) |
15129 |